| 000 | 01441nam a22003494a 4500 | ||
|---|---|---|---|
| 001 | ebr10172296 | ||
| 003 | CaPaEBR | ||
| 006 | m u | ||
| 007 | cr cn||||||||| | ||
| 008 | 041201s2005 nyua sb 001 0 eng | ||
| 010 | _z 2004027993 | ||
| 020 | _z9781593855536 | ||
| 020 | _z1593851693 (pbk. : alk. paper) | ||
| 020 | _z1593851707 (cloth : alk. paper) | ||
| 040 |
_aCaPaEBR _cCaPaEBR |
||
| 035 | _a(OCoLC)568023107 | ||
| 050 | 1 | 4 |
_aLB1050.5 _b.G36 2005eb |
| 082 | 0 | 4 |
_a372.43 _222 |
| 100 | 1 | _aGaskins, Irene West. | |
| 245 | 1 | 0 |
_aSuccess with struggling readers _h[electronic resource] : _bthe Benchmark School approach / _cIrene West Gaskins ; foreword by Michael Pressley. |
| 260 |
_aNew York : _bGuilford Press, _cc2005. |
||
| 300 |
_axix, 264 p. : _bill. |
||
| 490 | 1 | _aSolving problems in the teaching of literacy | |
| 504 | _aIncludes bibliographical references (p. 247-255) and index. | ||
| 533 |
_aElectronic reproduction. _bPalo Alto, Calif. : _cebrary, _d2013. _nAvailable via World Wide Web. _nAccess may be limited to ebrary affiliated libraries. |
||
| 650 | 0 |
_aReading _xRemedial teaching. |
|
| 655 | 7 |
_aElectronic books. _2local |
|
| 710 | 2 | _aBenchmark School (Media, Pa.) | |
| 710 | 2 | _aebrary, Inc. | |
| 830 | 0 | _aSolving problems in the teaching of literacy. | |
| 856 | 4 | 0 |
_uhttp://site.ebrary.com/lib/rucke/Doc?id=10172296 _zAn electronic book accessible through the World Wide Web; click to view |
| 999 |
_c249475 _d249475 |
||